[Event "Canadian op"]
[Site "Regina"]
[Date "2019.07.15"]
[Round "5"]
[White "McDonald, Mike"]
[Black "Lambruschini, Alex"]
[Result "0-1"]
[WhiteElo "1741"]
[BlackElo "1810"]
[PlyCount "102"]
[EventDate "2019.07.12"]
[EventType "swiss"]
[EventRounds "9"]
[EventCountry "CAN"]
[SourceTitle "EXT 2020"]
[Source "ChessBase"]
[SourceDate "2019.10.17"]
[SourceVersion "1"]
[SourceVersionDate "2019.10.17"]
[SourceQuality "1"]

1. e4 e5 2. Nf3 Nc6 3. Bb5 Nf6 4. 0-0 a6 5. Bxc6 dxc6 6. Nxe5 Be6 7. d3 Bd6 8. f4 Bxe5 9. fxe5 Qd4+ 10. Kh1 Ng4 11. Qd2 0-0-0 12. h3 h5 13. Qc3 Nf2+ 14. Kh2 Ng4+ 15. Kh1 Qxc3 16. Nxc3 Nxe5 17. Ne2 Kb8 18. b3 h4 19. d4 Ng6 20. c4 f6 21. Bb2 c5 22. d5 Bc8 23. Nf4 Nf8 24. e5 fxe5 25. Bxe5 Rg8 26. Rae1 g5 27. Nd3 Nd7 28. Bh2 g4 29. hxg4 Rxg4 30. Re7 Rdg8 31. Ne5 Nxe5 32. Bxe5 Rxg2 33. Rxc7 Ka8 34. Rxc5 Re2 35. Bh2 Bh3 36. Rg1 Bg2+ 37. Rxg2 Rexg2 38. Rc8+ Rxc8 39. Kxg2 b5 40. cxb5 axb5 41. Kh3 Rc2 42. a4 Rc3+ 43. Kxh4 b4 44. Kg4 Rxb3 45. Kf5 Rd3 46. Ke6 b3 47. Be5 Re3 48. Kf5 Rxe5+ 49. Kxe5 b2 50. d6 b1Q 51. d7 Qb6 0-1